| 000 | 005350000a22002050004500 | ||
|---|---|---|---|
| 003 | LK-CoMWRAF | ||
| 005 | 20231019213801.0 | ||
| 008 | 230817t ||||| |||| 00| 0 eng d | ||
| 020 | _a9558095397 | ||
| 040 |
_aLK-CoMWRAF _dLK-CoMWRAF _eLK-CoMWRAF |
||
| 041 | _aeng | ||
| 082 |
_a823 _bLIO |
||
| 100 | _aLionheart, Amelia | ||
| 245 | _aPeacock feathers | ||
| 260 |
_aColombo 04 (Sri Lanka) : _bVijitha Yapa, _c2004 |
||
| 300 | _a 216p. ; 21cm | ||
| 650 | _aEnglish Fiction | ||
| 650 | _aSri Lankan Fiction--English | ||
| 942 | _cBK | ||
| 999 |
_c1324 _d1324 |
||